000
00363nam a22001097a 4500
082
_a
900
100
_a
राजपुरोहित, डा.भगवतीलाल
_9
83606
245
_a
संस्कृति संवाद
260
_a
जयपुर
_b
संकल्प प्रकाशन
_c
2025
650
_a
इतिहास
942
_c
BK
999
_c
68549
_d
68549